000 00864cam a2200229 4500
001 L127081
008 040817n2005 000 0 eng u
020 _a1902916492
035 _a(Sirsi) u127081
041 0 _aeng
050 0 4 _a697 $2 18
245 0 0 _aEnergy performance of residential buildings
260 _aLondon
_bEarthscan
_c2005
300 _axii, 139p.
_bill.
_c31cm.
350 _a65
520 _aPresents detailed information on energy rating of residential buildings. Discusses: theoretical and experimental energy rating techniques; new experimental protocols to evaluate energy performance; and energy normalization techniques.
520 _aAccompanied by a CD-ROM (L145148) which is not available for loan.
651 4 _aUnited Kingdom
_y
690 _aBUILT ENVIRONMENT-BUILDING STANDARDS
700 1 _aSantamouris, M.
942 _n0
999 _c103705
_d103705